Sociálna starostlivosť o mentálne postihnutých občanov v nových spoločenských podmienkach záverečná práca postgraduálneho štúdia

Salvato in:
Dettagli Bibliografici
Autore principale: Pavelová, Gizela
Ente Autore: Vysoká škola ekonomická v Bratislave
Altri autori: Machová, Mária
Natura: Libro
Lingua:slovacco
Pubblicazione: Bratislava 1990
Tags: Aggiungi Tag
Nessun Tag, puoi essere il primo ad aggiungerne!!

MARC

LEADER 00000nam a2200000 4500
001 c037415
005 20221215071514.4
041 0 |a slo 
044 |a SK 
245 1 0 |a Sociálna starostlivosť o mentálne postihnutých občanov v nových spoločenských podmienkach  |b záverečná práca postgraduálneho štúdia  |c Gizela Pavelová ; Ved. práce Mária Machová 
264 1 |a Bratislava  |c 1990 
300 |a 49 s. 
100 1 |a Pavelová, Gizela 
700 1 |a Machová, Mária 
710 2 |a Vysoká škola ekonomická v Bratislave